Wege zum realistischen Lebenserfassen (Record no. 141544)

MARC details
000 -LEADER
campo de control de longitud fija 00686nam a2200193 i 4500
001 - NÚMERO DE CONTROL
campo de control 141544
003 - IDENTIFICADOR DE NÚMERO DE CONTROL
campo de control ES-MaACL
005 - FECHA Y HORA DE LA ÚLTIMA TRANSACCIÓN
campo de control 20230906200321.0
007 - CAMPO FIJO DE DESCRIPCIÓN FÍSICA--INFORMACIÓN GENERAL
campo de control de longitud fija t|
008 - DATOS DE LONGITUD FIJA--INFORMACIÓN GENERAL
campo de control de longitud fija 070925s1943 gw ||||1| ger d
100 1# - ENTRADA PRINCIPAL--NOMBRE DE PERSONA
Nombre de persona Volkmann, Ernst.
9 (RLIN) 115699
245 10 - MENCIÓN DEL TÍTULO
Título Wege zum realistischen Lebenserfassen
Resto del título : junges Deutschland und Frührealismus 1830-1848 /
Mención de responsabilidad, etc. hrsg. von Ernst Volkmann.
260 ## - PUBLICACIÓN, DISTRIBUCIÓN, ETC.
Lugar de publicación, distribución, etc. Leipzig :
Nombre del editor, distribuidor, etc. Philipp Reclan,
Fecha de publicación, distribución, etc. 1943.
300 ## - DESCRIPCIÓN FÍSICA
Extensión 310 p. :
Otras características físicas 1 retr. ;
Dimensiones 21 cm.
490 1# - MENCIÓN DE SERIE
Mención de serie Deutsche Literatur. Deutsche Selbstzeugnisse ;
Designación de volumen o secuencia 12
830 0# - PUNTO DE ACCESO ADICIONAL DE SERIE-TÍTULO UNIFORME
Título uniforme Deutsche Literatur. Deutsche Selbstzeugnisse ;
Designación de volumen o secuencia 12
9 (RLIN) 220418
852 ## - LOCALIZACIÓN
Ubicación ES-MaACL
Número de control de estantería F-16204
Sublocalización o colección R.21012
Holdings
Estatus retirado Estado de pérdida Estado de daño No para préstamo Biblioteca de origen Biblioteca actual Ubicación en estantería Fecha de adquisición Fuente de adquisición Total de préstamos Signatura topográfica completa Código de barras Visto por última vez Precio de reemplazo Tipo de ítem Koha
        Biblioteca del Ateneo de Madrid Biblioteca del Ateneo de Madrid Sala Pecera Planta 2 17/01/2008     F-16204 1147280 23/02/2023 23/02/2023 Libro impreso